| 000 | 01203nam a2200313 4500 | ||
|---|---|---|---|
| 001 | 179101 | ||
| 003 | ES-MaACL | ||
| 005 | 20250902022751.0 | ||
| 008 | 110908s2009 sp acfo |||| |dspa d | ||
| 020 | _a978-84-470-3192-4 | ||
| 080 | _a336.1(460)"18" | ||
| 080 | _a330.82(460) | ||
| 080 | _a338.2(460)"18" | ||
| 100 | 1 |
_aMartín Rodríguez, Manuel. _977634 |
|
| 245 | 1 | 0 |
_aAnálisis económico y revolución liberal en España _b: economistas académicos en las cortes liberales, 1834-1874 / _cManuel Martín Rodríguez. |
| 250 | _a1ª ed. | ||
| 260 |
_a[Madrid] : _bCivitas, _c2009. |
||
| 300 |
_a586 p., [30] p. de lám. ; _c25 cm. |
||
| 490 | 1 | _aBiblioteca Civitas economía y empresa. Economía. Serie especial | |
| 500 | _aÍndice onomástico. | ||
| 504 | _aBibliografía: p. [551]-571. | ||
| 650 | 7 |
_aEconomía- _zEspaña- _yS.XIX. _9147869 |
|
| 650 | 0 | 0 |
_aHacienda pública- _zEspaña- _yS.XIX _9227084 |
| 651 | 7 |
_aEspaña- _xPolítica económica- _yS.XIX. _9147870 |
|
| 830 | 1 | 0 |
_aBiblioteca Civitas economía y empresa. _pColección empresa _9230047 |
| 852 |
_aES-MaACL _9185973 _bR.146331 _jA-11491 _dOlim: N-4495 _cDEPO1 |
||
| 942 | _2udc | ||
| 999 |
_c179101 _d179101 |
||